LEADER 04128nam 22008415 450 001 9910484186403321 005 20251226202441.0 010 $a3-319-13623-2 024 7 $a10.1007/978-3-319-13623-3 035 $a(CKB)3710000000306199 035 $a(SSID)ssj0001386317 035 $a(PQKBManifestationID)11814642 035 $a(PQKBTitleCode)TC0001386317 035 $a(PQKBWorkID)11374271 035 $a(PQKB)10858612 035 $a(DE-He213)978-3-319-13623-3 035 $a(MiAaPQ)EBC5610291 035 $a(PPN)183094840 035 $a(EXLCZ)993710000000306199 100 $a20141105d2014 u| 0 101 0 $aeng 135 $aurnn|008mamaa 181 $ctxt 182 $cc 183 $acr 200 10$aAdvances in Speech and Language Technologies for Iberian Languages $eIberSPEECH 2014 Conference, Las Palmas de Gran Canaria, Spain, November 19-21, 2014, Proceedings /$fedited by Juan Luis Navarro Mesa, Alfonso Ortega, António Teixeira, Eduardo Hernández Pérez, Pedro Quintana Morales, Antonio Ravelo Garcia, Iván Guerra Moreno, Doroteo T. Toledano 205 $a1st ed. 2014. 210 1$aCham :$cSpringer International Publishing :$cImprint: Springer,$d2014. 215 $a1 online resource (XVI, 290 p. 88 illus.) 225 1 $aLecture Notes in Artificial Intelligence,$x2945-9141 ;$v8854 300 $aIncludes Index. 311 08$a3-319-13622-4 327 $aSpeech production, analysis, coding and synthesis -- Speaker and language characterization -- Automatic speech recognition -- Speech of language technologies in different application fields. 330 $aThis book constitutes the refereed proceedings of the IberSPEECH 2014 Conference, held in Las Palmas de Gran Canaria, Spain, in November 19-21, 2014. The 29 papers presented were carefully reviewed and selected from 60 submissions. The papers are organized in topical sections on speech production, analysis, coding and synthesis; speaker and language characterization; automatic speech recognition; speech of language technologies in different application fields. 410 0$aLecture Notes in Artificial Intelligence,$x2945-9141 ;$v8854 606 $aNatural language processing (Computer science) 606 $aArtificial intelligence 606 $aUser interfaces (Computer systems) 606 $aHuman-computer interaction 606 $aPattern recognition systems 606 $aDigital humanities 606 $aNatural Language Processing (NLP) 606 $aArtificial Intelligence 606 $aUser Interfaces and Human Computer Interaction 606 $aAutomated Pattern Recognition 606 $aDigital Humanities 615 0$aNatural language processing (Computer science) 615 0$aArtificial intelligence. 615 0$aUser interfaces (Computer systems) 615 0$aHuman-computer interaction. 615 0$aPattern recognition systems. 615 0$aDigital humanities. 615 14$aNatural Language Processing (NLP). 615 24$aArtificial Intelligence. 615 24$aUser Interfaces and Human Computer Interaction. 615 24$aAutomated Pattern Recognition. 615 24$aDigital Humanities. 676 $a006.35 702 $aNavarro Mesa$b Juan Luis$4edt$4http://id.loc.gov/vocabulary/relators/edt 702 $aOrtega$b Alfonso$4edt$4http://id.loc.gov/vocabulary/relators/edt 702 $aTeixeira$b António$4edt$4http://id.loc.gov/vocabulary/relators/edt 702 $aHernández Pérez$b Eduardo$4edt$4http://id.loc.gov/vocabulary/relators/edt 702 $aQuintana Morales$b Pedro$4edt$4http://id.loc.gov/vocabulary/relators/edt 702 $aRavelo Garcia$b Antonio$4edt$4http://id.loc.gov/vocabulary/relators/edt 702 $aGuerra Moreno$b Iván$4edt$4http://id.loc.gov/vocabulary/relators/edt 702 $aToledano$b Doroteo T$4edt$4http://id.loc.gov/vocabulary/relators/edt 801 0$bMiAaPQ 801 1$bMiAaPQ 801 2$bMiAaPQ 906 $aBOOK 912 $a9910484186403321 996 $aAdvances in Speech and Language Technologies for Iberian Languages$92829957 997 $aUNINA